000 00794ngm a2200289 a 4500
003 OSt
005 20251020182658.0
008 240217s9999 xx 000 0 und d
040 _aPE SENCICO BE
040 _cPE SENCICO BE
041 _aspa
082 _aH014
245 0 _aProyecto y construcción de vivienda con materiales pre-fabricados (USA) /
245 0 _cSENCICO
260 _aLima
260 _bSENCICO
260 _c1994
300 _a1 VIDEO
300 _bson., Col.
300 _c1:25'
490 _aMATERIALES NO CONVENCIONALES
520 _aConstrucción. Evaluación. Ensayo de laboratorio Fue devuelto a la Oficina de Formación Profesional Audiovisuales día 02.11.99.
650 _aCAÑACRETO
651 _aPERÚ
910 _aila.
942 _cVID
_2ddc
999 _c4731
_d4731